000 00257 a2200097 4500
001 3181
100 _aMurali Krishna
245 _aRemote sensing applications and geographic information systems
260 _aND
_bTata McGraw-Hill
_c1992
090 _c2461
_d2461
942 _aNUST-CAE
_c
_c16236
999 _c238254
_d238254